Countries Producing the Most Dates (2016) - Statistics

General Stats
  • This quiz has been taken 1,375 times
  • The average score is 16 of 20
Answer Stats
1000 tonnes country % Correct
1695 Egypt
91%
1066 Iran
91%
615 Iraq
90%
965 Saudi Arabia
89%
1030 Algeria
88%
35 Turkey
86%
125 Morocco
85%
174 Libya
84%
349 Oman
84%
241 Tunisia
83%
58 Yemen
83%
672 United Arab Emirates
81%
495 Pakistan
79%
43 Israel
78%
159 China
76%
29 Qatar
74%
38 United States
74%
439 Sudan
73%
98 Kuwait
72%
22 Mauritania
52%
No matching quizzes found
Score Distribution
Percent of People with Each Score
Percentile by Number Answered
Your Score History
You have not taken this quiz